Body Language (Record no. 317)

MARC details
000 -LEADER
fixed length control field 00383nam a22001697a 4500
005 - DATE AND TIME OF LATEST TRANSACTION
control field 20160429152904.0
008 - FIXED-LENGTH DATA ELEMENTS--GENERAL INFORMATION
fixed length control field 160429b xxu||||| |||| 00| 0 eng d
020 ## - INTERNATIONAL STANDARD BOOK NUMBER
ISBN 81-219-2550-9
041 ## - LANGUAGE CODE
Language code of text/sound track or separate title eng
082 ## - DEWEY DECIMAL CLASSIFICATION NUMBER
Item number 00942
100 ## - MAIN ENTRY--AUTHOR NAME
Personal name Verma Shalini
245 ## - TITLE STATEMENT
Title Body Language
260 ## - PUBLICATION, DISTRIBUTION, ETC. (IMPRINT)
Name of publisher S Chande co. Ltd.
Year of publication 2010
300 ## - PHYSICAL DESCRIPTION
Number of Pages 173
650 ## - SUBJECT ADDED ENTRY--TOPICAL TERM
Topical Term Management
942 ## - ADDED ENTRY ELEMENTS (KOHA)
Koha item type Books
Holdings
Lost status Damaged status Home library Current library Date acquired Cost, normal purchase price Full call number Accession Number Koha item type
Lost   JRU Library JRU Library 29/04/2016 275.00 00942 00942 Books